Experiencias de planificación regional en América Latina: una teoría en busca de una práctica

Đã lưu trong:
Chi tiết về thư mục
Tác giả chính: Boisier, Sergio
Tác giả khác: Cepeda, F, Hilhorst, J, Riffka, S, Uribe-Echevarría, F
Định dạng: Sách
Ngôn ngữ:Tiếng Tây Ban Nha
Được phát hành: Santiago, Chile CEPAL 1981
Những chủ đề:
Các nhãn: Thêm thẻ
Không có thẻ, Là người đầu tiên thẻ bản ghi này!

MARC

LEADER 00000cam a2200000 a 4500
001 UCF9394
003 CL-VaPUC
005 20211211074111.0
008 131115e19810000cl |||||||||||||||||spa|d
999 |c 353840  |d 353838 
040 |c Pontificia Universidad Católica de Valparaíso 
082 0 4 |a 338.9 BOI 1981  |2 21 
100 |a Boisier, Sergio  |9 296071 
245 1 0 |a Experiencias de planificación regional en América Latina: una teoría en busca de una práctica 
260 0 3 |a Santiago, Chile  |b CEPAL  |c 1981 
300 |a 390 páginas 
583 |a last modification  |c 20160929 09:29:10  |k Rodrigo Vera 
650 0 |a Planificación regional   |9 257050 
650 0 |a Desarrollo económico y social   |9 256320 
650 7 |a ESTRATEGIAS DE DESARROLLO  |2 CL-VaPUC  |9 571677 
700 0 |a Cepeda, F  |9 571673 
700 0 |a Hilhorst, J  |9 571674 
700 0 |a Riffka, S  |9 571675 
700 0 |a Uribe-Echevarría, F  |9 571676 
942 |c BK  |2 ddc 
945 |d 20131115 14:49:00  |a dcastane 
952 |0 0  |1 0  |2 ddc  |3 erb  |4 0  |6 338_900000000000000_BOI_1981  |7 0  |8 A  |9 459260  |a BIBING  |b BIBING  |i 5025680  |o 338.9 BOI 1981  |p 5025680  |r 2025-01-20  |t 1  |w 2019-11-23  |y BK  |z Catalogado en:20131115  |k GEO